Pension Funds Retirement-Income Security, and Capital Markets. An International Perspective

Gespeichert in:
Bibliographische Detailangaben
1. Verfasser: Davis, E. Philip
Format: Buch
Sprache:Englisch
Veröffentlicht: Oxford Clarendon Press 1995
Ausgabe:1. ed.
Schlagworte:
Tags: Tag hinzufügen
Keine Tags, Fügen Sie das erste Tag hinzu!

MARC

LEADER 00000nam a2200000 4500
001 c015460
005 20230105072601.2
020 |a 0-19-828880-8 
041 0 |a eng 
044 |a GB 
245 1 0 |a Pension Funds  |b Retirement-Income Security, and Capital Markets. An International Perspective  |c E. Philip Davis 
250 |a 1. ed. 
264 1 |a Oxford  |b Clarendon Press  |c 1995 
300 |a 337 s. 
610 2 0 |a fondy penzijné 
610 2 0 |a trh kapitálový 
610 2 0 |a trh kapitálový medzinárodný 
610 2 0 |a spoločnosti investičné 
100 1 |a Davis, E. Philip